Malaiyaha (Up-Country) Tamil Identity and Politics in the Twenty First Century (Record no. 5938)
[ view plain ]
| 000 -LEADER | |
|---|---|
| fixed length control field | 00502nam a22001457a 4500 |
| 005 - DATE AND TIME OF LATEST TRANSACTION | |
| control field | 20241218035752.0 |
| 008 - FIXED-LENGTH DATA ELEMENTS--GENERAL INFORMATION | |
| fixed length control field | 241218b |||||||| |||| 00| 0 eng d |
| 082 ## - DDC Classification | |
| DDC Edition Number | DAN |
| Class No. | 6995 |
| Item Number - Author Mark | 305 |
| 100 ## - MAIN ENTRY--PERSONAL NAME | |
| Personal name | Bass, D |
| 245 ## - TITLE STATEMENT | |
| Title | Malaiyaha (Up-Country) Tamil Identity and Politics in the Twenty First Century |
| 260 ## - PUBLICATION, DISTRIBUTION, ETC. | |
| Place of publication, distribution, etc. | Colombo |
| Name of publisher, distributor, etc. | International Centre for Ethnic Studies |
| Date of publication, distribution, etc. | 2000 |
| 300 ## - PHYSICAL DESCRIPTION | |
| Extent (e.g. Volumes, Pages etc.) | 16 p., |
| 500 ## - GENERAL NOTE | |
| General note | A research on the significant political and social strides made by the Malaiyaha Tamils |
| 942 ## - Koha item type (Biblio) | |
| Koha item type | |
No items available.
